ბათუმის შოთა რუსთაველის სახელმწიფო უნივერსიტეტის ბიბლიოთეკა

ქართლის ცხოვრების ტოპოარქეოლოგიური ლექსიკონი. (ბიბ.ჩანაწერი № 41673)

000 -LEADER
fixed length control field 01346nam a2200229Ia 4500
001 - CONTROL NUMBER
control field 8347
003 - CONTROL NUMBER IDENTIFIER
control field GE_BSU
008 - FIXED-LENGTH DATA ELEMENTS--GENERAL INFORMATION
fixed length control field 181216s||||||||xx |||||||||||||| ||und||
020 ## - INTERNATIONAL STANDARD BOOK NUMBER
International Standard Book Number 9789941158964.
040 ## - CATALOGING SOURCE
Transcribing agency GE_BSU
080 ## - UNIVERSAL DECIMAL CLASSIFICATION NUMBER
Universal Decimal Classification number 902(479.22)(038)+94(479.220(093)(038)
100 ## - MAIN ENTRY--PERSONAL NAME
Personal name გამყრელიძე,გელა,ბრაგვაძე,ზურაბ,მინდორაშვილი,დავით,კვაჭაძე,მარინე.
245 ## - TITLE STATEMENT
Title ქართლის ცხოვრების ტოპოარქეოლოგიური ლექსიკონი.
245 ## - TITLE STATEMENT
Statement of responsibility, etc. რედ:და პროექტის ხელმძღვ.გ.გამყრელიძე.წინათქმა დავით ლორთქიფანიძისა.
250 ## - EDITION STATEMENT
Edition statement საქ.ეროვნუნ.მუზეუმი,ოთარ ლორთქიფანიძის არქეოლოგიური ცენტრი. 1-ლი გამოც.
260 ## - PUBLICATION, DISTRIBUTION, ETC.
Place of publication, distribution, etc. თბილისი.
260 ## - PUBLICATION, DISTRIBUTION, ETC.
Name of publisher, distributor, etc. ბაკურ სულაკაურის გამ-ბა.
260 ## - PUBLICATION, DISTRIBUTION, ETC.
Date of publication, distribution, etc. 2013.
300 ## - PHYSICAL DESCRIPTION
Extent 739გვ;ილ;24სმ.
653 ## - INDEX TERM--UNCONTROLLED
Uncontrolled term ქართლის ცხოვრების ტოპოარქეოლოგიური ლექსიკონი.
942 ## - ADDED ENTRY ELEMENTS (KOHA)
Koha item type წიგნი
ეგზემპლარები
Withdrawn status Lost status Damaged status Not for loan Date acquired Barcode Date last seen Price effective from Koha item type Public note
        2018-12-17 30237 2018-12-17 2018-12-17 წიგნი  
        2018-12-17 35107 2018-12-17 2018-12-17 წიგნი 35ლ.
        2018-12-17 35108 2018-12-17 2018-12-17 წიგნი 35ლ.